Los 10 nombres de mujer mas populares en españa - Estadísticas

Estadísticas generales
  • Esta prueba ha sido intentada 147 veces
  • La puntuación promedio es 5 de 10
Estadísticas de respuestas
Número de niños Nombre % Correcto
2.702 María
99%
3.643 Lucía
80%
2.050 Paula
66%
2.998 Sofía
62%
1.811 Carla
49%
3.042 Martina
48%
1.866 Daniela
38%
2.363 Julia
36%
2.390 Valeria
29%
2.033 Emma
20%
No se encontraron pruebas coincidentes
Distribución de puntuación
Porcentaje de gente con cada puntuación
Porcentaje por número respondido
Historial de tus puntuaciones
No has intentado esta prueba.